Historia de las mujeres en occidente

Сохранить в:
Библиографические подробности
Главный автор: Duby, Georges (autor)
Другие авторы: Perrot, Michelle (autor)
Формат:
Язык:испанский
Опубликовано: Madrid, España: Taurus, 2000.
Предметы:
Online-ссылка:Disponible Online - pp.506-535
Метки: Добавить метку
Нет меток, Требуется 1-ая метка записи!

MARC

LEADER 00000nam a2200000 a 4500
001 UCM8546
003 CL-VaPUC
005 20240513142036.0
008 030321e20000000SP |||||||||||||||||spa|d
999 |c 303019  |d 303017 
040 |c Pontificia Universidad Católica de Valparaíso 
082 0 4 |a 305.409 DUB 2000  |2 21 
100 0 |a Duby, Georges  |e autor  |9 474624 
245 1 0 |a Historia de las mujeres en occidente 
260 |a Madrid, España:  |b Taurus,  |c 2000. 
300 |a Volúmenes  
500 |a v.4: El Siglo XIX 
500 |a v.5: El Siglo XX 
583 |a last modification  |c 20030321 00:00:00  |k Rodrigo Vera 
650 |a Mujeres   |x Historia   |9 875577 
650 |a Mujeres   |y Edad Media   |9 875578 
650 |a Mujeres   |y Renacimiento  |9 875579 
650 |a Mujeres   |y Edad Moderna   |9 875580 
650 |a Mujeres   |y Siglos 19-20  |x Aspectos sociales  |9 875581 
700 0 |a Perrot, Michelle  |e autor  |9 474625 
856 |u https://bibliografiadigital.pucv.cl/index.php/bibliotecapucv/catalog/book/958  |y Disponible Online - pp.506-535 
942 |c BK  |2 ddc 
945 |d 20030321 00:00:00  |a vberengu 
952 |0 0  |1 0  |4 0  |6 305_409000000000000_DUB_2000  |7 0  |8 A  |9 363931  |a BIBHIS  |b BIBHIS  |d 2019-11-21  |h v.4  |i 3883140  |l 6  |m 1  |o 305.409 DUB 2000  |p 3883140  |r 2025-04-24  |s 2025-03-18  |w 2019-11-21  |y BK  |k HIS 
952 |0 0  |1 0  |4 0  |6 305_409000000000000_DUB_2000  |7 0  |8 A  |9 363932  |a BIBHIS  |b BIBHIS  |d 2019-11-21  |h v.5  |i 3883132  |l 14  |m 4  |o 305.409 DUB 2000  |p 3883132  |r 2025-05-09  |s 2025-04-25  |w 2019-11-21  |y BK  |k HIS 
952 |0 0  |1 0  |4 0  |6 305_409000000000000_DUB_2000  |7 0  |8 A  |9 363933  |a BIBCUR  |b BIBCUR  |d 2019-11-21  |h v.5  |i 4373308  |o 305.409 DUB 2000  |p 4373308  |r 2025-04-22  |w 2019-11-21  |y BK  |k PER